Online
Catalog

Cuentos de barro / (Record no. 12631)

MARC details
000 -CABECERA
campo de control de longitud fija 00584nam a2200193 a 4500
001 - NÚMERO DE CONTROL
campo de control 000012984
005 - FECHA Y HORA DE LA ÚLTIMA TRANSACCIÓN
campo de control 20200929163120.0
008 - DATOS DE LONGITUD FIJA--INFORMACIÓN GENERAL
campo de control de longitud fija 091118s1977 cr 001 j spa d
040 ## - FUENTE DE LA CATALOGACIÓN
Centro catalogador/agencia de origen DO-SdBNP
Lengua de catalogación spa
Centro/agencia transcriptor BNPHU
082 ## - NÚMERO DE LA CLASIFICACIÓN DECIMAL DEWEY
Número de clasificación ES863.42
Número de documento/Ítem S161c, 1977
049 ## - FONDOS LOCALES (OCLC)
Fondos de biblioteca BNGR
100 1# - ENTRADA PRINCIPAL--NOMBRE DE PERSONA
Nombre de persona Salarrué,
Forma completa/desarrollada del nombre (Salvador Salazar Arrué),
Fechas asociadas al nombre 1899-1975
9 (RLIN) 23754
245 10 - MENCIÓN DE TÍTULO
Título Cuentos de barro /
Mención de responsabilidad, etc. Salarrué.
250 ## - MENCIÓN DE EDICIÓN
Mención de edición 3a ed.
260 ## - PUBLICACIÓN, DISTRIBUCIÓN, ETC.
Lugar de publicación, distribución, etc. Centroamérica :
Nombre del editor, distribuidor, etc. EDUCA,
Fecha de publicación, distribución, etc. 1977.
300 ## - DESCRIPCIÓN FÍSICA
Extensión 169, [4] p. ;
Dimensiones 17cm.
650 #4 - PUNTO DE ACCESO ADICIONAL DE MATERIA--TÉRMINO DE MATERIA
Término de materia o nombre geográfico como elemento de entrada Cuentos salvadoreños
9 (RLIN) 2928
650 #4 - PUNTO DE ACCESO ADICIONAL DE MATERIA--TÉRMINO DE MATERIA
Término de materia o nombre geográfico como elemento de entrada Literatura salvadoreña
Subdivisión cronológica SIGLO XX
9 (RLIN) 14369
Holdings
Estado de retiro Estado de pérdida Restricciones de uso No para préstamo Código de colección Localización permanente Ubicación/localización actual Ubicación en estantería Fecha de adquisición Número de inventario Total de préstamos Signatura topográfica completa Código de barras Fecha visto por última vez Precio válido a partir de Tipo de ítem Koha
    Préstamo interno   Monografías: Libros y Folletos General General En catalogación 18.11.2009 LF1   ES863.42 S161c, 1977 12984-10 25.06.2020 25.06.2020 Préstamo interno

Powered by Koha